Indexy cien stavebných prác, materiálov a výrobkov spotrebovávaných v stavebníctve SR za 3. štvrťrok 2000 [2001]

Guardado en:
Detalles Bibliográficos
Formato: Libro
Lenguaje:eslovaco
inglés
Publicado: Bratislava Štatistický úrad Slovenskej republiky 2001
Colección:Ceny
Materias:
Etiquetas: Agregar Etiqueta
Sin Etiquetas, Sea el primero en etiquetar este registro!

MARC

LEADER 00000nam a2200000 4500
001 c129163
005 20240517090150.0
041 0 |a slo 
041 0 |a eng 
044 |a SK 
245 1 0 |a Indexy cien stavebných prác, materiálov a výrobkov spotrebovávaných v stavebníctve SR za 3. štvrťrok 2000 [2001] 
264 1 |a Bratislava  |b Štatistický úrad Slovenskej republiky  |c 2001 
300 |a 25 s. 
490 1 |a Ceny 
830 0 |a Ceny 
610 2 0 |a Slovensko 
610 2 0 |a stavebníctvo 
610 2 0 |a indexy cenové 
610 2 0 |a práca stavebná 
610 2 0 |a spotreba materiálu